000
00335 a2200157 4500
001
159389
020
_a
040
_c
Magnum
100
_a
Greenaway,theresa
240
1
0
_a
Mundo incrivel:os ursos
_l
por
245
1
0
_a
Mundo incrivel:os ursos
362
0
_a
1899
440
1
_a
Globo
697
_a
MAGNITO: IJ/DIDATICO
942
_c
BK
999
_c
159389
_d
159389